00317pab a2200121 454500008004000000100002000040245006400060260000900124300000900133362000900142650002600151773001800177180718b1985 xxu||||| |||| 00| 0 eng d aJayaswal, Meera aHealth modernity and its correlates in women of South Bihar c1985 a7-14 aJune aWomen - India - Bihar aSocial Change